LEADER 00979nam0-22003251--450- 001 990008780270403321 005 20130508123852.0 035 $a000878027 035 $aFED01000878027 035 $a(Aleph)000878027FED01 035 $a000878027 100 $a20081215d1972----km-y0itay50------ba 101 0 $aita 102 $aIT 105 $ay-------001yy 200 1 $aRicerche sul diritto agli alimenti... 210 $aTorino$cGiappichelli$d1972 215 $a636 p.$d25 cm 225 1 $aUniversitą di Torino$hSerie II$iMemorie dell'Istituto Giuridico$v144 327 1 $a1.: L'obbligo ex lege dei familiari nei giuristi dei sec. 12-14 676 $a346.15$v18 700 1$aPene Vidari,$bGian Savino$0251099 801 0$aIT$bUNINA$gRICA$2UNIMARC 901 $aBK 912 $a990008780270403321 952 $aDPR 9-215$b4449$fDEC 952 $aUniv. 17 (144)$b99324$fFGBC 959 $aFGBC 996 $aRicerche sul diritto agli alimenti..$9808981 997 $aUNINA LEADER 01566nam 2200397Ia 450 001 996386674403316 005 20221108033015.0 035 $a(CKB)1000000000613278 035 $a(EEBO)2240924142 035 $a(OCoLC)9920467000971 035 $a(EXLCZ)991000000000613278 100 $a19950918d1607 uy | 101 0 $aeng 135 $aurbn||||a|bb| 200 10$aBy the King$b[electronic resource] $eit is a thing notorious that many of the meanest sort of our people in diuers parts of our kingdome ... haue presumed lately to assemble themselues riotously in multitudes .. 210 $aImprinted at London $cBy Robert Barker, Printer to the Kings most Excellent Maiestie$dAnno Dom. 1607 215 $a3 leaves 300 $aFor suppressing riots against enclosures. 300 $aOther title information from first 5 lines of text. 300 $a"Giuen at our Mannour of Greenewich the xxviij. day of Iune, in the fifth yeere of our Reigne of Great Britaine, France and Ireland." 300 $aReproduction of original in: Society of Antiquaries. 330 $aeebo-0147 606 $aInclosures$zEngland 606 $aLand tenure$zEngland 607 $aGreat Britain$xHistory$yJames I, 1603-1625 608 $aBroadsides$zLondon (England)$y17th century.$2rbgenr 615 0$aInclosures 615 0$aLand tenure 701 $aJames$cKing of England,$f1566-1625.$01001019 801 0$bEBK 801 1$bEBK 801 2$bWaOLN 906 $aBOOK 912 $a996386674403316 996 $aBy the King$92299281 997 $aUNISA LEADER 00999nam0-2200277 --450 001 9910740394703321 005 20230914113853.0 010 $a978-88-99211-30-1 100 $a20230914d2018----kmuy0itay5050 ba 101 0 $aita 102 $aIT 105 $aa 001yy 200 1 $aAllergeni: una linea guida per le imprese alimentari$emanuale per gli operatori del settore agroalimentare sulle modalitą di indicazione degli allergeni$esomministrazione, vendita e ristorazione$fa cura di Corrado Finardi$gautori: Luca Bucchini ... [et al.] 210 $aMilano$cPVI$d2018 215 $a134 p.$cill.$d21 cm 610 0 $aAllergeni 676 $a344.404232$v23$zita 702 1$aBucchini,$bLuca 702 1$aFinardi,$bCorrado$c 801 0$aIT$bUNINA$gREICAT$2UNIMARC 901 $aBK 912 $a9910740394703321 952 $a60 344.404 FINC 2018$b159/2023$fFAGBC 959 $aFAGBC 996 $aAllergeni: una linea guida per le imprese alimentari$93553162 997 $aUNINA LEADER 03847oam 2200613I 450 001 9910788176603321 005 20190503073424.0 010 $a0-262-32068-1 010 $a0-262-32067-3 035 $a(CKB)2670000000588409 035 $a(CaPaEBR)ebrary11000475 035 $a(SSID)ssj0001403365 035 $a(PQKBManifestationID)12616206 035 $a(PQKBTitleCode)TC0001403365 035 $a(PQKBWorkID)11365532 035 $a(PQKB)10586472 035 $a(MiAaPQ)EBC3339921 035 $a(OCoLC)898279646$z(OCoLC)903052449$z(OCoLC)961859444$z(OCoLC)973802067$z(OCoLC)990462041$z(OCoLC)1055338086$z(OCoLC)1066433342$z(OCoLC)1081249931 035 $a(OCoLC-P)898279646 035 $a(MaCbMITP)10111 035 $a(Au-PeEL)EBL3339921 035 $a(CaPaEBR)ebr11000475 035 $a(CaONFJC)MIL683248 035 $a(OCoLC)898279646 035 $a(EXLCZ)992670000000588409 100 $a20141218h20142014 uy 0 101 0 $aeng 135 $aurcnu|||||||| 181 $ctxt 182 $cc 183 $acr 200 10$aAfter phrenology $eneural reuse and the interactive brain /$fMichael L. Anderson 210 1$aCambridge, Massachusetts ;$aLondon, England :$cThe MIT Press,$d[2014] 210 4$d©2014 215 $a1 online resource (410 p.) 300 $a"A Bradford book." 311 $a1-322-51966-8 311 $a0-262-02810-7 320 $aIncludes bibliographical references and index. 327 $aNeural reuse and the need for a new approach to understanding brain function -- Interactive differentiation and the search for neural coalitions : neural reuse in the functional development of the brain -- Neural reuse in contemporary cognitive science -- Do brain regions have personalities of their own? : toward a dispositional neuroscience -- Brains and their bodies -- Embodiment, computation and control -- Languaging with an interactive brain -- A functionalist neuroscience for the 21st century. 330 $a"The computer analogy of the mind has been as widely adopted in contemporary cognitive neuroscience as was the analogy of the brain as a collection of organs in phrenology. Just as the phrenologist would insist that each organ must have its particular function, so contemporary cognitive neuroscience is committed to the notion that each brain region must have its fundamental computation. In After Phrenology, Michael Anderson argues that to achieve a fully post-phrenological science of the brain, we need to reassess this commitment and devise an alternate, neuroscientifically grounded taxonomy of mental function. Anderson contends that the cognitive roles played by each region of the brain are highly various, reflecting different neural partnerships established under different circumstances. He proposes quantifying the functional properties of neural assemblies in terms of their dispositional tendencies rather than their computational or information-processing operations. Exploring larger-scale issues, and drawing on evidence from embodied cognition, Anderson develops a picture of thinking rooted in the exploitation and extension of our early-evolving capacity for iterated interaction with the world. He argues that the multidimensional approach to the brain he describes offers a much better fit for these findings, and a more promising road toward a unified science of minded organisms"--MIT CogNet. 606 $aBrain$xPhysiology 610 $aCOGNITIVE SCIENCES/General 610 $aCOGNITIVE SCIENCES/Psychology/Cognitive Psychology 610 $aNEUROSCIENCE/General 615 0$aBrain$xPhysiology. 676 $a612.8/2 700 $aAnderson$b Michael L.$f1968-$01584932 801 0$bOCoLC-P 801 1$bOCoLC-P 906 $aBOOK 912 $a9910788176603321 996 $aAfter phrenology$93869068 997 $aUNINA